[Event "Oruro Baptista Memorial"]
[Site "Oruro"]
[Date "2023.11.04"]
[Round "7"]
[White "Yepez Montenegro, Gloria Luz"]
[Black "Ramirez Espinoza, Percy Willy"]
[Result "0-1"]
[WhiteElo "1665"]
[BlackElo "1409"]
[PlyCount "94"]
[EventDate "2023.11.01"]
[EventType "swiss"]
[EventRounds "9"]
[EventCountry "BOL"]
[SourceTitle "Mega2024 Update 01"]
[Source "Chessbase"]
[SourceDate "2023.11.12"]
[SourceVersion "1"]
[SourceVersionDate "2023.11.12"]
[SourceQuality "1"]

1. d4 Nf6 2. Nf3 c5 3. d5 d6 4. Nc3 g6 5. e4 Nbd7 6. Be2 Bg7 7. 0-0 0-0 8. h3 a6 9. a4 b6 10. Nd2 Rb8 11. f4 Ne8 12. Nf3 Nc7 13. Qe1 b5 14. axb5 axb5 15. Qg3 Nf6 16. Nd2 c4 17. Bf3 Na6 18. e5 Ne8 19. Kh1 Nb4 20. Be4 f5 21. exf6 Nxf6 22. Rf2 Nxe4 23. Ndxe4 Bb7 24. Ng5 Bc8 25. Ra7 Bd4 26. Be3 Bxa7 27. Bxa7 Rb7 28. Bd4 Bf5 29. Ne6 Qc8 30. Nxf8 Qxf8 31. Re2 Nxc2 32. Bf2 Qf7 33. Qf3 Nb4 34. Bh4 Nd3 35. g4 Bc8 36. Bg5 b4 37. Ne4 Rc7 38. Bh6 Bb7 39. f5 Ne5 40. Qf2 Bxd5 41. Kh2 Rc8 42. f6 Bxe4 43. Rxe4 exf6 44. Rd4 d5 45. Kg2 Nd3 46. Qd2 g5 47. Bxg5 fxg5 0-1

[Event "Cochabamba GP op 4th"]
[Site "Cochabamba"]
[Date "2023.09.07"]
[Round "2"]
[White "Yepez Montenegro, Gloria Luz"]
[Black "Zubieta Echalar, Rafaella"]
[Result "1-0"]
[WhiteElo "1669"]
[BlackElo "1396"]
[PlyCount "59"]
[EventDate "2023.09.07"]
[EventType "swiss"]
[EventRounds "7"]
[EventCountry "BOL"]
[SourceTitle "EXT 2024"]
[Source "ChessBase"]
[SourceDate "2023.10.10"]
[SourceVersion "1"]
[SourceVersionDate "2023.10.10"]
[SourceQuality "1"]

1. d4 d5 2. c4 e6 3. Nc3 Nf6 4. Bg5 Be7 5. e3 h6 6. Bh4 0-0 7. Bd3 b6 8. Nf3 Bb7 9. 0-0 Nbd7 10. Rc1 c5 11. Re1 Re8 12. a3 Rc8 13. Qe2 dxc4 14. Bxc4 Ne4 15. Nxe4 Bxe4 16. Bg3 cxd4 17. exd4 Bb7 18. Bb5 Rf8 19. Rcd1 Bf6 20. Bd3 Re8 21. Bb1 g6 22. Ne5 Bxe5 23. dxe5 Qe7 24. Bf4 Kg7 25. Qd2 Nc5 26. Bxh6+ Kh7 27. Bg5 Qc7 28. Qe3 Qc6 29. Qh3+ Kg8 30. Bf6 1-0

[Event "BOL-ch (Women)"]
[Site "Santa Cruz"]
[Date "2023.06.08"]
[Round "3"]
[White "Molina, Jessica"]
[Black "Yepez Montenegro, Gloria Luz"]
[Result "1-0"]
[WhiteElo "1886"]
[BlackElo "1649"]
[PlyCount "61"]
[EventDate "2023.06.07"]
[EventType "tourn"]
[EventRounds "7"]
[EventCountry "BOL"]
[SourceTitle "CBM 215 Extra"]
[Source "ChessBase"]
[SourceDate "2023.09.30"]
[SourceVersion "1"]
[SourceVersionDate "2023.09.30"]
[SourceQuality "1"]

1. f4 d5 2. Nf3 Nf6 3. e3 g6 4. b3 Bg7 5. Bb2 c5 6. Bb5+ Bd7 7. Qe2 0-0 8. Bxd7 Nbxd7 9. d3 Qc7 10. 0-0 b5 11. Ne5 Nxe5 12. Bxe5 Qb7 13. Nd2 Nd7 14. Bxg7 Kxg7 15. g4 Rae8 16. Qg2 e5 17. e4 d4 18. f5 g5 19. Qh3 Nf6 20. Nf3 h6 21. Qg3 Qb8 22. h4 Rg8 23. hxg5 hxg5 24. a4 b4 25. Kg2 Kf8 26. Rh1 Nd7 27. Rh7 Ke7 28. Rah1 Rh8 29. Nxg5 Rhf8 30. Qh4 Nf6 31. Rh6 1-0

[Event "Tarija op"]
[Site "Tarija"]
[Date "2023.04.08"]
[Round "5"]
[White "Yepez Montenegro, Gloria Luz"]
[Black "Balcera, Carlos"]
[Result "0-1"]
[WhiteElo "1614"]
[BlackElo "1842"]
[PlyCount "92"]
[EventDate "2023.04.06"]
[EventType "swiss"]
[EventRounds "7"]
[EventCountry "BOL"]
[SourceTitle "EXT 2024"]
[Source "ChessBase"]
[SourceDate "2023.10.10"]
[SourceVersion "1"]
[SourceVersionDate "2023.10.10"]
[SourceQuality "1"]

1. d4 d5 2. c4 c6 3. Nc3 Nf6 4. Bg5 dxc4 5. a4 Bf5 6. e3 e6 7. Bxc4 Bb4 8. Nge2 Nbd7 9. 0-0 h6 10. Bxf6 Nxf6 11. Ng3 Bg6 12. Nce2 Qe7 13. Nf4 Bh7 14. Nd3 Bd6 15. Re1 Rd8 16. Qb3 0-0 17. Nf1 Rfe8 18. f3 Bxd3 19. Bxd3 e5 20. dxe5 Bxe5 21. Rad1 Nd5 22. Bc4 Nb6 23. Bd3 Nd5 24. Bc4 Nb6 25. Bd3 Rd7 26. Bb1 Red8 27. Qc2 g6 28. f4 Rxd1 29. Rxd1 Rxd1 30. Qxd1 Bxb2 31. Qb3 Qa3 32. Qd1 Qxa4 33. Qd8+ Kg7 34. f5 Qc4 35. fxg6 fxg6 36. h4 Bf6 37. Qc7+ Qf7 38. Qg3 h5 39. Nd2 Nd5 40. e4 Bd4+ 41. Kh1 Nf6 42. Nf3 Ng4 43. e5 Bxe5 44. Qe1 Bf6 45. g3 Qd5 46. Be4 Qxe4 0-1

[Event "Tarija op"]
[Site "Tarija"]
[Date "2023.04.07"]
[Round "3"]
[White "Almendras, Elias"]
[Black "Yepez Montenegro, Gloria Luz"]
[Result "1/2-1/2"]
[WhiteElo "1957"]
[BlackElo "1614"]
[PlyCount "26"]
[EventDate "2023.04.06"]
[EventType "swiss"]
[EventRounds "7"]
[EventCountry "BOL"]
[SourceTitle "EXT 2024"]
[Source "ChessBase"]
[SourceDate "2023.10.10"]
[SourceVersion "1"]
[SourceVersionDate "2023.10.10"]
[SourceQuality "1"]

1. e4 e6 2. d4 d5 3. Bd3 Nf6 4. e5 Nfd7 5. c3 c5 6. Ne2 Nc6 7. Nd2 a6 8. Nf3 Be7 9. h4 b5 10. Be3 Qb6 11. Nf4 a5 12. h5 Ba6 13. Rh3 b4 1/2-1/2

[Event "Tarija op"]
[Site "Tarija"]
[Date "2023.04.07"]
[Round "4"]
[White "Yepez Montenegro, Gloria Luz"]
[Black "Mancilla Vallejos, Javier"]
[Result "0-1"]
[WhiteElo "1614"]
[BlackElo "1850"]
[PlyCount "66"]
[EventDate "2023.04.06"]
[EventType "swiss"]
[EventRounds "7"]
[EventCountry "BOL"]
[SourceTitle "EXT 2024"]
[Source "ChessBase"]
[SourceDate "2023.10.10"]
[SourceVersion "1"]
[SourceVersionDate "2023.10.10"]
[SourceQuality "1"]

1. d4 Nf6 2. Bf4 d5 3. e3 e6 4. Nd2 Be7 5. Bd3 b6 6. Ngf3 Bb7 7. Ne5 0-0 8. Qf3 Nbd7 9. g4 c5 10. c3 Nxe5 11. Bxe5 Nd7 12. Qh3 g6 13. Bf4 Bf6 14. Nf3 Re8 15. 0-0-0 e5 16. dxe5 Nxe5 17. Bxe5 Bxe5 18. Nxe5 Rxe5 19. f4 Re7 20. f5 Qe8 21. f6 Re6 22. Rhf1 Qf8 23. Rf4 Rae8 24. Re1 d4 25. e4 dxc3 26. bxc3 Qd6 27. Qf3 Qc6 28. g5 c4 29. Bc2 Qc5 30. h4 Qa3+ 31. Kb1 Re5 32. Ka1 Rb5 33. Rb1 Ree5 0-1

[Event "Cochabamba op 6th"]
[Site "Cochabamba"]
[Date "2023.03.02"]
[Round "2"]
[White "Marquez, Ricardo Matias"]
[Black "Yepez Montenegro, Gloria Luz"]
[Result "0-1"]
[WhiteElo "1219"]
[BlackElo "1680"]
[PlyCount "61"]
[EventDate "2023.03.02"]
[EventType "swiss"]
[EventRounds "7"]
[EventCountry "BOL"]
[SourceTitle "CBM 213 Extra"]
[Source "ChessBase"]
[SourceDate "2023.05.31"]
[SourceVersion "1"]
[SourceVersionDate "2023.05.31"]
[SourceQuality "1"]

1. d4 d5 2. Bf4 Nf6 3. e3 c5 4. c3 Nc6 5. Nf3 Qb6 6. Qb3 c4 7. Qxb6 axb6 8. Nbd2 b5 9. Be2 b4 10. 0-0 Bf5 11. Nh4 Bg6 12. Nxg6 hxg6 13. Be5 Nd7 14. Bg3 b5 15. e4 Nf6 16. Bf3 e6 17. Rfe1 Kd7 18. Be5 dxe4 19. Nxe4 Nd5 20. Nc5+ Bxc5 21. dxc5 Nxe5 22. Rxe5 bxc3 23. bxc3 Kc6 24. Bxd5+ exd5 25. Re7 Rhe8 26. Rxf7 Rxa2 27. Rc1 Rc2 28. Ra1 Rxc3 29. g3 Kxc5 30. Rxg7 Re6 31. Rc7+ 0-1

[Event "Oruro op 4th"]
[Site "Oruro"]
[Date "2023.02.10"]
[Round "3"]
[White "Yepez Montenegro, Gloria Luz"]
[Black "Condori Rodriguez, Asael"]
[Result "1-0"]
[WhiteElo "1581"]
[BlackElo "1202"]
[PlyCount "73"]
[EventDate "2023.02.09"]
[EventType "swiss"]
[EventRounds "7"]
[EventCountry "BOL"]
[SourceTitle "CBM 213 Extra"]
[Source "ChessBase"]
[SourceDate "2023.05.31"]
[SourceVersion "1"]
[SourceVersionDate "2023.05.31"]
[SourceQuality "1"]

1. d4 d5 2. c4 c6 3. Nc3 Nf6 4. Bg5 Nbd7 5. e3 e6 6. cxd5 exd5 7. Bd3 g6 8. Nge2 Bg7 9. 0-0 0-0 10. b4 Nb6 11. Rc1 Qd6 12. b5 Ng4 13. Bf4 Qf6 14. bxc6 bxc6 15. Na4 Nxa4 16. Qxa4 Bd7 17. Qa5 Bh6 18. Bg3 Bg5 19. h3 Nh6 20. Ba6 Nf5 21. Be5 Qe6 22. Rc3 Nh4 23. Nf4 Qf5 24. Bd3 Bd8 25. Qxd8 Rfxd8 26. Bxf5 Nxf5 27. Rb1 Ng7 28. Rb7 Be8 29. Bxg7 Kxg7 30. Ne6+ Kf6 31. Nxd8 Rxd8 32. Rxa7 Bd7 33. a4 Ke6 34. Rb3 Kd6 35. Rbb7 Be6 36. Kf1 c5 37. Rb6# 1-0

[Event "Santa Cruz Dario Cup"]
[Site "Santa Cruz"]
[Date "2022.08.27"]
[Round "3"]
[White "Ribera, Miguel Angel"]
[Black "Yepez Montenegro, Gloria Luz"]
[Result "1-0"]
[WhiteElo "1884"]
[BlackElo "1567"]
[PlyCount "67"]
[EventDate "2022.08.26"]
[EventType "swiss"]
[EventRounds "7"]
[EventCountry "BOL"]
[SourceTitle "CBM 210 Extra"]
[Source "ChessBase"]
[SourceDate "2022.11.30"]
[SourceVersion "1"]
[SourceVersionDate "2022.11.30"]
[SourceQuality "1"]

1. g3 d5 2. Bg2 Nf6 3. c4 c6 4. Nf3 Bf5 5. Qb3 Qc7 6. d3 dxc4 7. Qxc4 Nbd7 8. 0-0 e6 9. Nc3 a6 10. h3 Bd6 11. e4 Bg6 12. Be3 0-0 13. Rad1 h6 14. Nh4 Bh7 15. f4 Be7 16. Nf3 Rfd8 17. b4 Rac8 18. a4 c5 19. b5 Nb6 20. Qa2 a5 21. Ne5 Nfd7 22. Nxf7 Kxf7 23. f5 Nf8 24. fxe6+ Ke8 25. Bf4 Bd6 26. Nd5 Nxd5 27. exd5 Bxf4 28. Rxf4 Qe5 29. Qf2 Ng6 30. Re1 Qd6 31. Rf7 Rc7 32. Rf1 Bg8 33. Rxc7 Qxc7 34. Be4 1-0

[Event "Pan American-ch U18 Girls"]
[Site "Montevideo"]
[Date "2022.06.27"]
[Round "3"]
[White "Castano, Saray"]
[Black "Yepez Montenegro, Gloria Luz"]
[Result "1/2-1/2"]
[WhiteElo "1692"]
[BlackElo "1456"]
[PlyCount "72"]
[EventDate "2022.06.26"]
[EventType "swiss"]
[EventRounds "9"]
[EventCountry "URU"]
[SourceTitle "EXT 2023"]
[Source "ChessBase"]
[SourceDate "2022.10.05"]
[SourceVersion "1"]
[SourceVersionDate "2022.10.05"]
[SourceQuality "1"]

1. e4 e6 2. d4 d5 3. Nc3 Nf6 4. Bg5 Be7 5. e5 Nfd7 6. Bxe7 Qxe7 7. f4 a6 8. Nf3 c5 9. Qd2 Nc6 10. Ne2 b5 11. c3 Bb7 12. g4 c4 13. Ng3 Nb6 14. f5 b4 15. Nh5 g6 16. Nf6+ Kd8 17. fxg6 hxg6 18. h4 Kc7 19. Be2 Nd7 20. Nxd7 Kxd7 21. g5 a5 22. Bd1 Na7 23. Rh3 Bc6 24. Nh2 Rab8 25. Ng4 bxc3 26. bxc3 Qa3 27. Qc1 Qxc1 28. Rxc1 Rb2 29. Rc2 Rhb8 30. Rxb2 Rxb2 31. Rh2 Rxh2 32. Nxh2 Nc8 33. Ng4 Nb6 34. Kd2 Ba4 35. Be2 Nc8 36. Nh6 Ke7 1/2-1/2

[Event "BOL-ch U20 Girls"]
[Site "Cochabamba"]
[Date "2022.05.14"]
[Round "5"]
[White "Yepez Montenegro, Gloria Luz"]
[Black "Gareca Ordonez, Laura"]
[Result "1/2-1/2"]
[WhiteElo "1490"]
[BlackElo "1346"]
[PlyCount "44"]
[EventDate "2022.05.13"]
[EventType "swiss"]
[EventRounds "7"]
[EventCountry "BOL"]
[SourceTitle "EXT 2023"]
[Source "ChessBase"]
[SourceDate "2022.10.05"]
[SourceVersion "1"]
[SourceVersionDate "2022.10.05"]
[SourceQuality "1"]

1. d4 d5 2. Nf3 Nf6 3. e3 e6 4. Bd3 c5 5. b3 Be7 6. Nbd2 b6 7. Bb2 Bb7 8. 0-0 Nbd7 9. Ne5 0-0 10. f4 Rc8 11. Ndf3 a6 12. a4 Ne4 13. Nxd7 Qxd7 14. Ne5 Qd8 15. Qg4 f5 16. Qe2 a5 17. Bb5 Rc7 18. Rf3 Bf6 19. dxc5 Nxc5 20. Rh3 g6 21. Bd4 Qd6 22. Rd1 Ne4 1/2-1/2

[Event "BOL-ch U20 Girls"]
[Site "Cochabamba"]
[Date "2022.05.14"]
[Round "3"]
[White "Yepez Montenegro, Gloria Luz"]
[Black "Vargas Sanchez, Dashely"]
[Result "1-0"]
[WhiteElo "1490"]
[BlackElo "1241"]
[PlyCount "71"]
[EventDate "2022.05.13"]
[EventType "swiss"]
[EventRounds "7"]
[EventCountry "BOL"]
[SourceTitle "EXT 2023"]
[Source "ChessBase"]
[SourceDate "2022.10.05"]
[SourceVersion "1"]
[SourceVersionDate "2022.10.05"]
[SourceQuality "1"]

1. d4 d5 2. Nf3 e6 3. e3 Nf6 4. Bd3 Be7 5. b3 0-0 6. Nbd2 Nbd7 7. Bb2 b6 8. 0-0 Bb7 9. Ne5 c5 10. f4 Nxe5 11. fxe5 Ne4 12. Bxe4 dxe4 13. Qg4 Bg5 14. Rae1 Bh4 15. Re2 f5 16. exf6 Rxf6 17. Rxf6 Qxf6 18. g3 Bg5 19. Nxe4 Bxe4 20. Qxe4 Rf8 21. Qg2 cxd4 22. exd4 Qf5 23. Re5 Qg6 24. Qe2 Kf7 25. c4 Bf6 26. Re4 Rd8 27. Kg2 Rd6 28. Ba3 Rxd4 29. Rxe6 Qg5 30. Bb4 a5 31. Bc3 Rd7 32. Bxf6 gxf6 33. Re3 Qc5 34. h4 Qb4 35. Qh5+ Kg7 36. Qg4+ 1-0

[Event "BOL-ch sf (Women)"]
[Site "La Paz"]
[Date "2021.07.24"]
[Round "5"]
[White "Coro, Soledad"]
[Black "Yepez Montenegro, Gloria Luz"]
[Result "1-0"]
[WhiteElo "1774"]
[BlackElo "1406"]
[PlyCount "141"]
[EventDate "2021.07.22"]
[EventType "swiss"]
[EventRounds "7"]
[EventCountry "BOL"]
[SourceTitle "EXT 2022"]
[Source "ChessBase"]
[SourceDate "2021.10.06"]
[SourceVersion "1"]
[SourceVersionDate "2021.10.06"]
[SourceQuality "1"]

1. d4 d5 2. c3 Bf5 3. Nf3 Nf6 4. Bg5 e6 5. Nbd2 c5 6. e3 Nbd7 7. Ne5 Be7 8. Bb5 0-0 9. Nxd7 Nxd7 10. Bxe7 Qxe7 11. Bxd7 Qxd7 12. 0-0 c4 13. Nf3 f6 14. Qd2 h6 15. Ne1 b5 16. f3 a5 17. Rf2 Rfb8 18. Re2 Qb7 19. Rc1 b4 20. Kf2 Ra6 21. e4 dxe4 22. fxe4 bxc3 23. Rxc3 Bxe4 24. Rxc4 Rb6 25. b3 Bd5 26. Rc5 a4 27. bxa4 Rb2 28. Qxb2 Qxb2 29. Rxb2 Rxb2+ 30. Rc2 Rxc2+ 31. Nxc2 Bxa2 32. Nb4 Bc4 33. a5 Kf8 34. a6 Bxa6 35. Nxa6 Ke7 36. Ke3 Kd6 37. Nb4 g5 38. g3 h5 39. h3 e5 40. dxe5+ Kxe5 41. Nc6+ Kd5 42. Nd4 Ke5 43. g4 hxg4 44. hxg4 Kd5 45. Nf5 Ke5 46. Kf3 Kd5 47. Ng7 Kd4 48. Nh5 Ke5 49. Ng3 Kd4 50. Ke2 Kd5 51. Ke3 Ke5 52. Kf3 Kd5 53. Nf5 Ke5 54. Ne3 Kd4 55. Nc2+ Kd5 56. Nb4+ Ke5 57. Nc6+ Kd5 58. Ne7+ Ke6 59. Nf5 Kd5 60. Ke3 Ke5 61. Nh6 Kd5 62. Ng8 Ke5 63. Nh6 Kd5 64. Kd3 Ke5 65. Kc4 Ke4 66. Kc5 Ke5 67. Kc6 Ke6 68. Kc7 Ke7 69. Nf5+ Ke8 70. Kd6 Kf7 71. Kd7 1-0